000 00842cab a2200241 4500
001 X93375
008 090401t1998 xxu||||| |||| 00| 0 eng d
035 _a(Sirsi) u87948
041 _aeng
245 _aHalifax plc v Gould & Swayne and others
260 _c1998
350 _a0
490 _aNew Property Cases
_v[1998] NPC 128 (5/8/98)
520 _a"Halifax plc v Gould & Swayne and others" CA 28 July 1998. Another cautionary tale for solicitors who do not follow their clients` instructions precisely. (Taken from journal headnote. Not to be photocopied.)
650 _aHALIFAX V GOULD & SWAYNE
650 _aMORTGAGE LENDERS
650 _aNEGLIGENCE
650 _aSHARED OWNERSHIP LEASE
650 _aSOLICITOR
690 _aMANAGEMENT-BUSINESS MANAGEMENT-PROFESSIONAL PRACTICE
942 _n0
948 _c11/08/1998
999 _c55507
_d55507